Practical Data Science With R (Record no. 217557)

MARC details
000 -LEADER
fixed length control field 00470nam a2200169Ia 4500
008 - FIXED-LENGTH DATA ELEMENTS--GENERAL INFORMATION
fixed length control field 230714s9999 xx 000 0 und d
020 ## - INTERNATIONAL STANDARD BOOK NUMBER
International Standard Book Number 9790000000000
041 ## - LANGUAGE CODE
Language code of text/sound track or separate title eng
082 ## - DEWEY DECIMAL CLASSIFICATION NUMBER
Classification number 005.13'3074
Item number ZUM
100 ## - MAIN ENTRY--PERSONAL NAME
Personal name Zumel N.
9 (RLIN) 198902
245 ## - TITLE STATEMENT
Title Practical Data Science With R
260 ## - PUBLICATION, DISTRIBUTION, ETC. (IMPRINT)
Date of publication, distribution, etc. 2014
Name of publisher, distributor, etc. Dreamtech/Manning
300 ## - PHYSICAL DESCRIPTION
Extent 389
365 ## - TRADE PRICE
Currency code Rs.
Price amount 799.00
700 ## - ADDED ENTRY--PERSONAL NAME
Personal name Zumel N. & Mount J.
9 (RLIN) 198903
906 ## - LOCAL DATA ELEMENT F, LDF (RLIN)
d O:0505021-Apr-2016B:275812-Apr-2016
c COMP
b 1118.6

No items available.